| 000 | 00656nam a2200205 a 4500 | ||
|---|---|---|---|
| 005 | 20240620063657.0 | ||
| 008 | 010706s1998 ag r 000 0 spa d | ||
| 020 | _a9507247491 | ||
| 035 | _aUPN01000109327 | ||
| 049 | _aCG | ||
| 050 | 4 |
_aPC4410 _bV3.2 |
|
| 100 | 1 |
_aValle, Pablo, _d1961- _939717 |
|
| 245 | 1 | 0 |
_aCómo corregir sin ofender : _bmanual teórico-práctico de correción de estilo / _cPablo Valle. |
| 260 |
_aArgentina : _bLumen : _bHumanitas, _c1998. |
||
| 300 | _a253 p. | ||
| 500 | _a"Para correctores, reductores, periodistas, docentes..." | ||
| 650 | 4 |
_aESPAÑOL - _xESTILO _911118 |
|
| 650 | 4 |
_aEspañol _xModismos _91693 |
|
| 905 | _aLibro | ||
| 999 |
_c83238 _d83238 |
||